| 000 | 00517nam a22002057a 4500 | ||
|---|---|---|---|
| 003 | NUST | ||
| 005 | 20220228122134.0 | ||
| 008 | 210303b ||||| |||| 00| 0 eng d | ||
| 020 | _a9780470646137 | ||
| 038 | _akhadija | ||
| 082 | _a510.2462 | ||
| 100 |
_aKreyszig, Erwin _989765 |
||
| 245 |
_aAdvanced Engineering Mathematics/ _cErwin Kreyszig |
||
| 250 | _a10th ed. | ||
| 260 |
_aNew York _bWiley, _c2011. |
||
| 300 |
_a(i-v) p. ; _b25 cm. |
||
| 500 | _aPaperback. | ||
| 563 | _apaperback | ||
| 942 |
_cBKB _2ddc |
||
| 999 |
_c34093 _d34093 |
||